000 00478nam a2200157 i 4500
001 82346
003 ES-MaACL
005 20230906174646.0
007 t|
008 041110s1971 sp ||||1| cat d
100 1 _aIglésies, Josep.
_965146
245 1 3 _aLa població del Maresma a la llum dels censos generals /
_cJosep Iglésies Fort.
260 _aBarcelona :
_bRafael Dalmau,
_c1970.
300 _a247 p., 4 lám. :
_bil. ;
_c22 cm.
852 _aES-MaACL
_jC-45062
_bR.80568
999 _c82346
_d82346